[Event "EU-chT 24th"]
[Site "Budva"]
[Date "2023.11.20"]
[Round "9.2"]
[White "Draskovic, Luka"]
[Black "Skoberne, Jure"]
[Result "1-0"]
[WhiteElo "2476"]
[BlackElo "2538"]
[PlyCount "119"]
[EventDate "2023.11.11"]
[EventType "team-swiss"]
[EventRounds "9"]
[EventCountry "MNE"]
[SourceTitle "CB47_2023"]
[SourceDate "2023.11.22"]
[SourceVersion "1"]
[SourceVersionDate "2023.11.22"]
[SourceQuality "1"]
[WhiteTeam "Montenegro"]
[BlackTeam "Slovenia"]
[WhiteTeamCountry "MNE"]
[BlackTeamCountry "SLO"]

1. e4 c5 2. Nf3 Nc6 3. Bb5 e5 4. 0-0 Bd6 5. d3 h6 6. Nc3 Nge7 7. Bc4 Ng6 8. a4 0-0 9. Nd5 Nce7 10. c3 Nxd5 11. Bxd5 Bc7 12. d4 cxd4 13. cxd4 d6 14. dxe5 dxe5 15. h3 a5 16. Ra3 Ra6 17. Rd3 Qf6 18. Rc3 Bb8 19. Qc2 Ne7 20. Bc4 Rc6 21. Rd1 Be6 22. Bxe6 Qxe6 23. Be3 Rfc8 24. Rxc6 Nxc6 25. Qd3 Qe7 26. Qb5 Bd6 27. g3 Rb8 28. Kg2 Qe6 29. Bb6 Ra8 30. Qd5 Qxd5 31. Rxd5 Ra6 32. Be3 Bc7 33. Rb5 b6 34. Nd2 Kf8 35. Nc4 Na7 36. Rd5 Nc6 37. Rd7 Ra7 38. Nd6 Bd8 39. Rxa7 Nxa7 40. Nc4 Nc8 41. Nxe5 Ke8 42. Nc4 Bc7 43. Bd4 f6 44. f4 Kd7 45. Kf3 Kc6 46. Ne3 Bd6 47. e5 fxe5 48. fxe5 Bc5 49. Ke4 b5 50. Bxc5 Kxc5 51. axb5 a4 52. Nf5 g6 53. Nd4 Nb6 54. e6 Kd6 55. Kd3 h5 56. h4 Nd5 57. Kc4 Nb6+ 58. Kb4 Nd5+ 59. Kxa4 Ke5 60. e7 1-0

[Event "EU-chT 24th"]
[Site "Budva"]
[Date "2023.11.15"]
[Round "5.4"]
[White "Skoberne, Jure"]
[Black "Heimisson, Hilmir Freyr"]
[Result "1-0"]
[WhiteElo "2538"]
[BlackElo "2377"]
[PlyCount "71"]
[EventDate "2023.11.11"]
[EventType "team-swiss"]
[EventRounds "9"]
[EventCountry "MNE"]
[SourceTitle "CB47_2023"]
[SourceDate "2023.11.22"]
[SourceVersion "1"]
[SourceVersionDate "2023.11.22"]
[SourceQuality "1"]
[WhiteTeam "Slovenia"]
[BlackTeam "Iceland"]
[WhiteTeamCountry "SLO"]
[BlackTeamCountry "ISL"]

1. d4 Nf6 2. Nf3 d5 3. Bf4 c5 4. e3 Nc6 5. Nbd2 e6 6. c3 cxd4 7. exd4 Nh5 8. Be3 Bd6 9. Bd3 Nf4 10. Bxf4 Bxf4 11. 0-0 0-0 12. Re1 Qd6 13. g3 Bh6 14. Nb3 g6 15. Qe2 a5 16. a4 Ra7 17. h4 b6 18. Ne5 Nd8 19. h5 g5 20. c4 dxc4 21. Bxc4 Rc7 22. Rad1 Bb7 23. d5 exd5 24. Bxd5 Bxd5 25. Qb5 Ne6 26. Rxd5 Qe7 27. Qxb6 Rb7 28. Qe3 Bg7 29. Nxa5 Rxb2 30. Nac4 Bxe5 31. Qxe5 Ra2 32. Ne3 f6 33. Qe4 Re8 34. Qc4 Qa3 35. Rd8 Rxd8 36. Qxe6+ 1-0

[Event "CRO-chT1B 31st"]
[Site "Veli Losinj"]
[Date "2023.10.11"]
[Round "1.43"]
[White "Skoberne, Jure"]
[Black "Ivekovic, Bozidar1"]
[Result "1-0"]
[WhiteElo "2538"]
[BlackElo "2403"]
[PlyCount "73"]
[EventDate "2023.10.11"]
[EventType "team-tourn"]
[EventRounds "9"]
[EventCountry "CRO"]
[SourceTitle "Mega2024 Update 01"]
[Source "Chessbase"]
[SourceDate "2023.11.12"]
[SourceVersion "1"]
[SourceVersionDate "2023.11.12"]
[SourceQuality "1"]
[WhiteTeam "Zagreb Mladost"]
[BlackTeam "Novo Virje Konaki"]
[WhiteTeamCountry "CRO"]
[BlackTeamCountry "CRO"]

1. d4 f5 2. g3 Nf6 3. Bg2 e6 4. Nf3 d5 5. 0-0 Bd6 6. c4 c6 7. Qc2 0-0 8. Nc3 Qe7 9. Bf4 Bxf4 10. gxf4 Ne4 11. e3 Nd7 12. Ne2 b6 13. cxd5 cxd5 14. Rfc1 Ba6 15. Ng3 Nd6 16. Qa4 Bb5 17. Qa3 Rfc8 18. Ne5 Kf8 19. Rxc8+ Nxc8 20. Qb3 Nxe5 21. dxe5 Qe8 22. a4 Bc4 23. Qb4+ Ne7 24. b3 Ba6 25. a5 bxa5 26. Rxa5 Bc8 27. Qd6 Bd7 28. h3 Kf7 29. Ne2 Nc6 30. Rxd5 Rd8 31. Rd2 Ne7 32. Qc7 Kg8 33. Qxa7 Nd5 34. Bxd5 exd5 35. Rxd5 Qg6+ 36. Kh2 Qh5 37. Rxd7 1-0

[Event "SRB-chT Premier"]
[Site "Bajina Basta"]
[Date "2023.09.21"]
[Round "4.3"]
[White "Sarana, Alexey"]
[Black "Skoberne, Jure"]
[Result "0-1"]
[WhiteElo "2693"]
[BlackElo "2537"]
[PlyCount "136"]
[EventDate "2023.09.18"]
[EventType "team-tourn"]
[EventRounds "11"]
[EventCountry "SRB"]
[SourceTitle "EXT 2024"]
[Source "ChessBase"]
[SourceDate "2023.10.10"]
[SourceVersion "1"]
[SourceVersionDate "2023.10.10"]
[SourceQuality "1"]
[WhiteTeam "Pozega"]
[BlackTeam "Subotica Spartak"]
[WhiteTeamCountry "SRB"]
[BlackTeamCountry "SRB"]

1. d4 Nf6 2. c4 d6 3. Nc3 e5 4. Nf3 exd4 5. Nxd4 g6 6. g3 Bg7 7. Bg2 0-0 8. 0-0 Re8 9. Qc2 a5 10. Rd1 Na6 11. e4 c6 12. Bf4 Nh5 13. Be3 Nf6 14. Qd2 Ng4 15. Bg5 f6 16. Bf4 g5 17. Be3 Nxe3 18. fxe3 Nc5 19. Nf5 Bxf5 20. exf5 a4 21. Kh1 Re5 22. e4 Qb6 23. Qc2 Bf8 24. Ne2 Rae8 25. Nd4 Nxe4 26. Bxe4 Rxe4 27. Ne6 Qe3 28. Rf1 Qe2 29. Qc3 Rxc4 30. Rae1 Qxf1+ 31. Rxf1 Rxc3 32. bxc3 d5 33. Kg2 Bd6 34. Kf3 Be5 35. Rc1 b5 36. Kg4 a3 37. Kh5 Ra8 38. Nd4 Ra6 39. Nf3 Bd6 40. Re1 Kf7 41. Re6 c5 42. Ne1 b4 43. cxb4 cxb4 44. Nc2 b3 45. axb3 a2 46. b4 d4 47. b5 Rb6 48. Na1 d3 49. Re3 Rxb5 50. Rxd3 Be5 51. Ra3 Rb2 52. Ra7+ Ke8 53. h4 Rg2 54. Ra8+ Kd7 55. Nb3 Rxg3 56. Nc5+ Kc6 57. Ne4 Rh3 58. Nxg5 fxg5 59. Rxa2 Bf4 60. Kh6 Rxh4+ 61. Kg7 Be5+ 62. Kf7 Kd5 63. Rg2 g4 64. f6 Ke4 65. Ke6 Bxf6 66. Kxf6 Kf3 67. Ra2 g3 68. Kg5 Re4 0-1

[Event "TUR-chT"]
[Site "Ankara"]
[Date "2023.07.17"]
[Round "8.3"]
[White "Skoberne, Jure"]
[Black "Safarli, Eltaj"]
[Result "0-1"]
[WhiteElo "2536"]
[BlackElo "2607"]
[PlyCount "60"]
[EventDate "2023.07.10"]
[EventType "team-tourn"]
[EventRounds "11"]
[EventCountry "TUR"]
[SourceTitle "EXT 2024"]
[Source "ChessBase"]
[SourceDate "2023.10.10"]
[SourceVersion "1"]
[SourceVersionDate "2023.10.10"]
[SourceQuality "1"]
[WhiteTeam "Burhaniye"]
[BlackTeam "Apaydin"]
[WhiteTeamCountry "TUN"]
[BlackTeamCountry "TUR"]

1. d4 Nf6 2. Nf3 g6 3. Bg5 Bg7 4. Nbd2 0-0 5. c3 d5 6. e3 c5 7. Be2 h6 8. Bh4 Ne4 9. Nxe4 dxe4 10. Nd2 cxd4 11. cxd4 Nc6 12. g4 g5 13. Bg3 e5 14. d5 Qxd5 15. Qa4 Rd8 16. Rd1 Be6 17. Nb3 Nd4 18. exd4 exd4 19. 0-0 d3 20. Rfe1 a5 21. Bf1 Bxg4 22. Rxd3 exd3 23. Qxg4 a4 24. Nd2 Qxa2 25. h4 Qxb2 26. Nf3 d2 27. Rd1 a3 28. Bc4 a2 29. Ne5 Bxe5 30. Qf5 Bxg3 0-1

[Event "TUR-chT"]
[Site "Ankara"]
[Date "2023.07.14"]
[Round "5.6"]
[White "Indjic, Aleksandar"]
[Black "Skoberne, Jure"]
[Result "1/2-1/2"]
[WhiteElo "2619"]
[BlackElo "2536"]
[PlyCount "60"]
[EventDate "2023.07.10"]
[EventType "team-tourn"]
[EventRounds "11"]
[EventCountry "TUR"]
[SourceTitle "EXT 2024"]
[Source "ChessBase"]
[SourceDate "2023.10.10"]
[SourceVersion "1"]
[SourceVersionDate "2023.10.10"]
[SourceQuality "1"]
[WhiteTeam "Deniz Su Aquamatch"]
[BlackTeam "Burhaniye"]
[WhiteTeamCountry "TUR"]
[BlackTeamCountry "TUN"]

1. e4 e6 2. d4 d5 3. e5 c5 4. c3 Nc6 5. Nf3 Bd7 6. Be2 Nge7 7. Na3 Nf5 8. Nc2 cxd4 9. cxd4 Be7 10. 0-0 0-0 11. Bd3 f6 12. b4 fxe5 13. dxe5 Nxb4 14. Nxb4 Bxb4 15. Rb1 Bc5 16. Rxb7 Rb8 17. Bg5 Qc8 18. Rxb8 Qxb8 19. Qc2 Bb6 20. Qd2 Qe8 21. Bxf5 Rxf5 22. Be3 Rxf3 23. gxf3 Qg6+ 24. Kh1 Qh5 25. Bxb6 Qxf3+ 26. Kg1 Qg4+ 27. Kh1 Qf3+ 28. Kg1 Qg4+ 29. Kh1 Qf3+ 30. Kg1 Qg4+ 1/2-1/2

[Event "SLO-ch 33rd"]
[Site "Radenci"]
[Date "2023.04.30"]
[Round "7"]
[White "Skoberne, Jure"]
[Black "Skuhala, Barbara"]
[Result "1-0"]
[WhiteElo "2535"]
[BlackElo "2153"]
[PlyCount "73"]
[EventDate "2023.04.25"]
[EventType "team-match"]
[EventRounds "9"]
[EventCountry "SLO"]
[SourceTitle "CBM 214 Extra"]
[Source "ChessBase"]
[SourceDate "2023.07.31"]
[SourceVersion "1"]
[SourceVersionDate "2023.07.31"]
[SourceQuality "1"]

1. d4 Nf6 2. Bf4 e6 3. e3 d5 4. Nd2 Bd6 5. Ngf3 c5 6. c3 Qc7 7. Bxd6 Qxd6 8. Ne5 Nc6 9. f4 Nd7 10. Bd3 0-0 11. Qh5 f5 12. g4 Nf6 13. Qh3 cxd4 14. exd4 Ne4 15. Rg1 Nxe5 16. fxe5 Qb6 17. gxf5 exf5 18. 0-0-0 Be6 19. Nf3 Rac8 20. Ng5 h6 21. Nxe6 Qxe6 22. Rg2 Rc6 23. Rdg1 Rf7 24. Bb5 Rb6 25. Ba4 Ng5 26. Qd3 Ne4 27. h4 Kh8 28. Bb3 Rc6 29. Qb5 Rd7 30. Rg6 a6 31. Rxe6 axb5 32. Re8+ Kh7 33. e6 Rdc7 34. Bxd5 Rd6 35. Bxe4 fxe4 36. Re1 b4 37. Rxe4 1-0

[Event "AUT-chT 2223"]
[Site "Austria"]
[Date "2023.03.23"]
[Round "5.1"]
[White "Skoberne, Jure"]
[Black "Schwabeneder, Florian"]
[Result "0-1"]
[WhiteElo "2538"]
[BlackElo "2414"]
[PlyCount "88"]
[EventDate "2022.11.03"]
[EventType "team-tourn"]
[EventRounds "11"]
[EventCountry "AUT"]
[SourceTitle "CBM 213 Extra"]
[Source "ChessBase"]
[SourceDate "2023.05.31"]
[SourceVersion "1"]
[SourceVersionDate "2023.05.31"]
[SourceQuality "1"]
[WhiteTeam "Raika Feffernitz"]
[BlackTeam "Grieskirchen"]
[WhiteTeamCountry "AUT"]
[BlackTeamCountry "AUT"]

1. Nf3 Nf6 2. g3 g6 3. b3 b6 4. Bb2 Bg7 5. Bg2 Bb7 6. d4 c5 7. c4 cxd4 8. Bxd4 d6 9. 0-0 0-0 10. Bb2 Nbd7 11. Ne1 Qc7 12. Nc3 Bxg2 13. Nxg2 Qb7 14. Rb1 a6 15. Ne3 b5 16. Ncd5 Rfe8 17. Qd2 bxc4 18. bxc4 Qa7 19. Qa5 Nxd5 20. Nxd5 Rac8 21. Bxg7 Kxg7 22. Nb6 Rc5 23. Qc3+ Kg8 24. Nxd7 Qxd7 25. Rb6 Qa4 26. a3 Rxc4 27. Qd3 a5 28. Rfb1 Rd4 29. Qf3 Rd1+ 30. Kg2 Rxb1 31. Rxb1 Rc8 32. Rb7 Kf8 33. Ra7 Qb5 34. Qe3 Qd5+ 35. f3 e5 36. Rd7 Kg7 37. Qe4 Qxe4 38. fxe4 Rc4 39. Kf3 Rc3+ 40. e3 Rxa3 41. Rxd6 h5 42. h4 a4 43. Ra6 Ra1 44. Kg2 a3 0-1

[Event "SLO-chT3 West"]
[Site "Komenda"]
[Date "2022.12.11"]
[Round "5.1"]
[White "Baric, Dusan"]
[Black "Skoberne, Jure"]
[Result "0-1"]
[WhiteElo "2007"]
[BlackElo "2538"]
[PlyCount "76"]
[EventDate "2022.12.09"]
[EventType "team-swiss"]
[EventRounds "5"]
[EventCountry "SLO"]
[SourceTitle "EXT 2024"]
[Source "ChessBase"]
[SourceDate "2023.10.10"]
[SourceVersion "1"]
[SourceVersionDate "2023.10.10"]
[SourceQuality "1"]
[WhiteTeam "Stari Trg ob Kolpi"]
[BlackTeam "Posocje"]
[WhiteTeamCountry "SLO"]
[BlackTeamCountry "SLO"]

1. e4 c5 2. c3 Nf6 3. e5 Nd5 4. d4 cxd4 5. Nf3 Nc6 6. cxd4 d6 7. Be2 e6 8. Nc3 Nxc3 9. bxc3 dxe5 10. dxe5 Qxd1+ 11. Bxd1 b6 12. 0-0 h6 13. Be3 Bb7 14. Ba4 0-0-0 15. Bb5 Kc7 16. a4 Bc5 17. Bxc5 bxc5 18. Rad1 Ne7 19. Nd2 Nd5 20. Ne4 a6 21. Bc4 Nb6 22. Nd6 Nxc4 23. Nxc4 Rxd1 24. Rxd1 Bd5 25. Ne3 Bc6 26. Rb1 Rd8 27. h4 Rd3 28. Rc1 Bxa4 29. Ra1 Bc6 30. Rxa6 Rxc3 31. Ra7+ Bb7 32. Ra4 Rd3 33. Rf4 Rd7 34. Nc4 Kc6 35. Nd6 Kd5 36. Nc4 Rc7 37. g3 Bc6 38. Nd6 c4 0-1

[Event "SLO-chT3 West"]
[Site "Komenda"]
[Date "2022.12.11"]
[Round "4.1"]
[White "Skoberne, Jure"]
[Black "Ravnik, Franc"]
[Result "1-0"]
[WhiteElo "2538"]
[BlackElo "1758"]
[PlyCount "47"]
[EventDate "2022.12.09"]
[EventType "team-swiss"]
[EventRounds "5"]
[EventCountry "SLO"]
[SourceTitle "EXT 2024"]
[Source "ChessBase"]
[SourceDate "2023.10.10"]
[SourceVersion "1"]
[SourceVersionDate "2023.10.10"]
[SourceQuality "1"]
[WhiteTeam "Posocje"]
[BlackTeam "Jesenice Acroni II"]
[WhiteTeamCountry "SLO"]
[BlackTeamCountry "SLO"]

1. e4 e5 2. Nf3 Nc6 3. Bb5 a6 4. Bxc6 dxc6 5. Nc3 Bd6 6. d4 exd4 7. Qxd4 Bf8 8. Qxd8+ Kxd8 9. Nd4 Bb4 10. Bd2 Ne7 11. 0-0-0 Ke8 12. Bf4 Bxc3 13. bxc3 c5 14. Nb3 c4 15. Na5 b6 16. Nxc4 Be6 17. Ne3 c6 18. Bc7 b5 19. Rd6 Bxa2 20. Rhd1 f6 21. Bd8 Ng6 22. Nf5 Rg8 23. Bb6 Rc8 24. Rd7 1-0

[Event "EU-chT 23rd"]
[Site "Terme Catez"]
[Date "2021.11.18"]
[Round "6.3"]
[White "Blohberger, Felix"]
[Black "Skoberne, Jure"]
[Result "1/2-1/2"]
[WhiteElo "2490"]
[BlackElo "2562"]
[PlyCount "96"]
[EventDate "2021.11.12"]
[EventType "team-swiss"]
[EventRounds "9"]
[EventCountry "SLO"]
[SourceTitle "CBM 205"]
[Source "ChessBase"]
[SourceDate "2021.12.31"]
[SourceVersion "1"]
[SourceVersionDate "2021.12.31"]
[SourceQuality "1"]
[WhiteTeam "Austria"]
[BlackTeam "Slovenia"]
[WhiteTeamCountry "AUT"]
[BlackTeamCountry "SLO"]

1. e4 c5 2. Nf3 Nc6 3. Bb5 e6 4. 0-0 Nge7 5. Re1 a6 6. Bf1 d5 7. exd5 Nxd5 8. d4 Nf6 9. Be3 Nd5 10. Bg5 f6 11. Bc1 cxd4 12. Nxd4 Nxd4 13. Qxd4 Bd6 14. g3 0-0 15. Bg2 Nb4 16. Na3 Qc7 17. Qe4 Nc6 18. Nc4 Bc5 19. Be3 Bxe3 20. Qxe3 e5 21. Nb6 Rb8 22. Nxc8 Rfxc8 23. c3 Rd8 24. Red1 Rxd1+ 25. Rxd1 Rd8 26. Rd5 g6 27. Qc5 Kg7 28. b4 Rd7 29. Rxd7+ Qxd7 30. Bxc6 bxc6 31. Kg2 g5 32. h3 h5 33. a4 e4 34. c4 Qd3 35. Qxc6 Qf3+ 36. Kg1 Qd1+ 37. Kh2 e3 38. Qb7+ Kh6 39. fxe3 Qd2+ 40. Qg2 Qxb4 41. Qc2 h4 42. gxh4 gxh4 43. c5 Qb8+ 44. Kh1 Qc8 45. Kg2 Qg8+ 46. Kf1 Qe6 47. Kg2 Qg8+ 48. Kh1 Qc8 1/2-1/2

[Event "EU-chT 23rd"]
[Site "Terme Catez"]
[Date "2021.11.13"]
[Round "2.8"]
[White "Berkes, Ferenc"]
[Black "Skoberne, Jure"]
[Result "1-0"]
[WhiteElo "2676"]
[BlackElo "2562"]
[PlyCount "125"]
[EventDate "2021.11.12"]
[EventType "team-swiss"]
[EventRounds "9"]
[EventCountry "SLO"]
[SourceTitle "CBM 205"]
[Source "ChessBase"]
[SourceDate "2021.12.31"]
[SourceVersion "1"]
[SourceVersionDate "2021.12.31"]
[SourceQuality "1"]
[WhiteTeam "Hungary"]
[BlackTeam "Slovenia"]
[WhiteTeamCountry "HUN"]
[BlackTeamCountry "SLO"]

1. d4 d5 2. Nf3 Nf6 3. c4 c6 4. Nbd2 g6 5. e3 Bg7 6. b4 0-0 7. a4 a5 8. b5 Nbd7 9. Bb2 c5 10. Rc1 Re8 11. cxd5 cxd4 12. e4 e6 13. dxe6 Rxe6 14. Qc2 Nb6 15. Nxd4 Re8 16. Be2 Nh5 17. N2f3 Nf4 18. 0-0 Bg4 19. Rfd1 Rc8 20. Nc6 Qc7 21. Bxg7 Kxg7 22. Qb2+ Kg8 23. Ncd4 Nxa4 24. Qd2 Nxe2+ 25. Nxe2 Qb6 26. Nf4 Rxc1 27. Rxc1 Rxe4 28. Ng5 Rd4 29. Qe3 Qd8 30. h4 Nb2 31. f3 Nc4 32. Qe2 Rxf4 33. Rxc4 Qb6+ 34. Kh1 Qf6 35. Rxf4 Qxf4 36. fxg4 a4 37. g3 Qf6 38. Qf3 Qxf3+ 39. Nxf3 a3 40. Nd2 a2 41. Nb3 Kg7 42. Kg2 Kf6 43. Kf3 Ke5 44. Ke3 h5 45. gxh5 gxh5 46. Na1 Kd5 47. Kf4 Kd4 48. g4 hxg4 49. h5 g3 50. Kxg3 Ke5 51. Kg4 Kf6 52. b6 Kg7 53. Kg5 f6+ 54. Kf5 Kh6 55. Kxf6 Kxh5 56. Ke5 Kg4 57. Kd6 Kf3 58. Kc7 Ke2 59. Kxb7 Kd2 60. Kc6 Kc3 61. b7 Kb2 62. b8Q+ Kxa1 63. Kb5 1-0

[Event "AUT-chT 2122"]
[Site "Austria"]
[Date "2021.11.04"]
[Round "1.1"]
[White "Skoberne, Jure"]
[Black "Horvath, Dominik"]
[Result "1/2-1/2"]
[WhiteElo "2562"]
[BlackElo "2469"]
[PlyCount "46"]
[EventDate "2021.11.04"]
[EventType "team-tourn"]
[EventRounds "11"]
[EventCountry "AUT"]
[SourceTitle "CBM 205 Extra"]
[Source "ChessBase"]
[SourceDate "2022.01.31"]
[SourceVersion "1"]
[SourceVersionDate "2022.01.31"]
[SourceQuality "1"]
[WhiteTeam "Raika Feffernitz"]
[BlackTeam "Pamhagen"]
[WhiteTeamCountry "AUT"]
[BlackTeamCountry "AUT"]

1. Nf3 Nf6 2. g3 g6 3. b3 Bg7 4. Bb2 0-0 5. Bg2 d6 6. d4 c5 7. c4 d5 8. 0-0 dxc4 9. bxc4 cxd4 10. Nxd4 Qb6 11. Qb3 Nfd7 12. Rd1 Nc5 13. Qxb6 axb6 14. Nc3 Na4 15. Rab1 Nxc3 16. Bxc3 Nd7 17. Nb5 Rxa2 18. Bxg7 Kxg7 19. Nc3 Rc2 20. Rbc1 Rb2 21. Rb1 Rc2 22. Rbc1 Rb2 23. Rb1 Rc2 1/2-1/2

[Event "SLO-chT 31st"]
[Site "Ljubljana"]
[Date "2021.09.19"]
[Round "6.2"]
[White "Skoberne, Jure"]
[Black "Djuric, Petar2222"]
[Result "1/2-1/2"]
[WhiteElo "2561"]
[BlackElo "2206"]
[PlyCount "87"]
[EventDate "2021.09.10"]
[EventType "team-tourn"]
[EventRounds "9"]
[EventCountry "SLO"]
[SourceTitle "CBM 204 Extra"]
[Source "ChessBase"]
[SourceDate "2021.11.30"]
[SourceVersion "1"]
[SourceVersionDate "2021.11.30"]
[SourceQuality "1"]
[WhiteTeam "Posocje"]
[BlackTeam "Kranj Stari Mayr"]
[WhiteTeamCountry "SLO"]
[BlackTeamCountry "SLO"]

1. d4 Nf6 2. Nf3 e6 3. Bf4 b6 4. e3 Bb7 5. Nbd2 Be7 6. h3 0-0 7. Bd3 c5 8. 0-0 d6 9. c3 Nbd7 10. Nc4 Qc7 11. Bh2 Rfd8 12. Qe2 Be4 13. Rfd1 Bxd3 14. Qxd3 b5 15. Ncd2 c4 16. Qe2 Qb7 17. e4 d5 18. exd5 Qxd5 19. b3 Rac8 20. bxc4 bxc4 21. Ne5 Nb6 22. a4 Qa5 23. Rdc1 Bd6 24. Kf1 Bxe5 25. Bxe5 Nfd7 26. Bg3 Nf6 27. Ra3 Rc6 28. Rb1 Rdc8 29. Rb5 Qa6 30. Nf3 Nbd5 31. Ne5 Rb6 32. Rxb6 Qxb6 33. Qc2 Qa5 34. Kg1 Nb6 35. Qe2 Nbd7 36. Nxd7 Nxd7 37. Qb2 Qb6 38. Qb5 Nf6 39. Kh2 h6 40. Be5 Nd5 41. Qd7 Ra8 42. Qb5 Rc8 43. Qd7 Ra8 44. Qb5 1/2-1/2

[Event "Online Olym Div2 D"]
[Site "Chess.com INT"]
[Date "2021.09.02"]
[Round "3.1"]
[White "Skoberne, Jure"]
[Black "Tissir, Mohamed"]
[Result "1-0"]
[WhiteElo "2561"]
[BlackElo "2375"]
[PlyCount "101"]
[EventDate "2021.09.02"]
[EventType "team (rapid)"]
[EventRounds "9"]
[EventCountry "USA"]
[SourceTitle "CBM 204 Extra"]
[Source "ChessBase"]
[SourceDate "2021.11.30"]
[SourceVersion "1"]
[SourceVersionDate "2021.11.30"]
[SourceQuality "1"]
[WhiteTeam "Slovenia"]
[BlackTeam "Morocco"]
[WhiteTeamCountry "SLO"]
[BlackTeamCountry "MAR"]

1. d4 e6 2. c4 c5 3. d5 exd5 4. cxd5 d6 5. Nc3 Ne7 6. e4 Ng6 7. f4 Be7 8. Nf3 0-0 9. Be2 a6 10. a4 Bg4 11. 0-0 Bf6 12. Be3 Re8 13. Nd2 Bxe2 14. Qxe2 Nd7 15. Qd3 Rc8 16. a5 Qc7 17. Ra4 Rb8 18. Nd1 h6 19. b3 Be7 20. Nb2 Bf8 21. Nbc4 Rbd8 22. g3 Nf6 23. Bf2 Qd7 24. Qf3 Qh3 25. Ne3 Qd7 26. Kg2 Qb5 27. Nec4 Qd7 28. Re1 h5 29. Nb6 Qb5 30. Ndc4 Ng4 31. Na3 N6e5 32. fxe5 Nxe5 33. Nxb5 Nxf3 34. Kxf3 axb5 35. Ra2 g6 36. Be3 Bg7 37. Bg5 f6 38. Bf4 g5 39. Bc1 Kf7 40. Rf2 Kg6 41. Kg2 Re7 42. h4 Rde8 43. hxg5 fxg5 44. Rf5 Bh6 45. Ref1 Rxe4 46. Rf6+ Kh7 47. Rxd6 Re2+ 48. Rf2 Re1 49. Nd7 R8e2 50. Nf6+ Kh8 51. Bb2 1-0

[Event "EU-chT 22nd"]
[Site "Batumi"]
[Date "2019.11.02"]
[Round "9.3"]
[White "Skoberne, Jure"]
[Black "Guseinov, Gadir"]
[Result "0-1"]
[WhiteElo "2567"]
[BlackElo "2660"]
[PlyCount "96"]
[EventDate "2019.10.24"]
[EventType "team-swiss"]
[EventRounds "9"]
[EventCountry "GEO"]
[SourceTitle "CBM 193"]
[Source "ChessBase"]
[SourceDate "2019.12.31"]
[SourceVersion "1"]
[SourceVersionDate "2019.12.31"]
[SourceQuality "1"]
[WhiteTeam "Slovenia"]
[BlackTeam "Azerbaijan"]
[WhiteTeamCountry "SLO"]
[BlackTeamCountry "AZE"]

1. e4 c5 2. c3 Nf6 3. e5 Nd5 4. Nf3 Nc6 5. Bc4 Nb6 6. Bb3 d5 7. exd6 Qxd6 8. 0-0 Be6 9. Bxe6 Qxe6 10. a4 Qd7 11. a5 Nd5 12. a6 b6 13. d4 e6 14. Na3 cxd4 15. Nc4 f6 16. Nxd4 Nxd4 17. Qxd4 Bc5 18. Qd3 0-0 19. b4 Be7 20. Ne3 Rfd8 21. Nxd5 Qxd5 22. Qxd5 Rxd5 23. Be3 Kf7 24. Rfc1 Rd7 25. Kf1 e5 26. Ke2 Ke6 27. Rab1 Rc8 28. c4 Rdc7 29. Kd3 e4+ 30. Kxe4 Rxc4+ 31. Rxc4 Rxc4+ 32. Kd3 Kd5 33. Rb3 Rxb4 34. Rxb4 Bxb4 35. Bxb6 Bc5 36. Ba5 Bxf2 37. Bb4 f5 38. h3 g6 39. Ba3 Bg1 40. Bb4 Bf2 41. Ba3 Bg1 42. Bb4 Kc6 43. Kc4 Kb6 44. Kd5 Kxa6 45. Ke6 Kb5 46. Ba3 Bf2 47. Kf7 Bh4 48. Kg7 g5 0-1

[Event "EU-chT 22nd"]
[Site "Batumi"]
[Date "2019.10.31"]
[Round "7.4"]
[White "Sanal, Vahap"]
[Black "Skoberne, Jure"]
[Result "0-1"]
[WhiteElo "2545"]
[BlackElo "2567"]
[PlyCount "124"]
[EventDate "2019.10.24"]
[EventType "team-swiss"]
[EventRounds "9"]
[EventCountry "GEO"]
[SourceTitle "CBM 193"]
[Source "ChessBase"]
[SourceDate "2019.12.31"]
[SourceVersion "1"]
[SourceVersionDate "2019.12.31"]
[SourceQuality "1"]
[WhiteTeam "Turkey"]
[BlackTeam "Slovenia"]
[WhiteTeamCountry "TUR"]
[BlackTeamCountry "SLO"]

1. e4 e6 2. d4 d5 3. Nc3 Nf6 4. Bg5 dxe4 5. Nxe4 Be7 6. Bxf6 gxf6 7. Nf3 f5 8. Nc3 a6 9. g3 b5 10. Bg2 Bb7 11. Qe2 b4 12. Na4 Nd7 13. c4 bxc3 14. Nxc3 Nf6 15. 0-0 0-0 16. Rfd1 Ra7 17. d5 exd5 18. Nd4 c6 19. Nxf5 Bc5 20. Na4 Re8 21. Qd2 Bf8 22. Rac1 Nd7 23. Nh6+ Bxh6 24. Qxh6 Qf6 25. Qd2 a5 26. Rc3 Raa8 27. Rf3 Qg6 28. Rf4 Ba6 29. Qd4 Ne5 30. Nc5 Bc8 31. h3 Qc2 32. Kh2 Rb8 33. Rd2 Qc4 34. Qe3 Qxa2 35. Rh4 Rxb2 36. Qh6 Bf5 37. Qg5+ Bg6 38. Ra4 Qb1 39. Rxb2 Qxb2 40. Rf4 Qb5 41. Na4 d4 42. h4 Nd3 43. Rxd4 Qxg5 44. hxg5 Nxf2 45. Bxc6 Re5 46. Nc3 Rxg5 47. Nd5 Kg7 48. Nf4 Ng4+ 49. Kg2 Rc5 50. Bf3 Rc2+ 51. Kg1 Ne5 52. Bd5 Rc3 53. Kg2 Nd3 54. Nxg6 hxg6 55. Ra4 Rc5 56. Bb3 Ne5 57. Kf2 Rb5 58. Bd1 Nd3+ 59. Ke2 Nb2 60. Rd4 Nxd1 61. Kxd1 Rb3 62. g4 Rb4 0-1

[Event "EU-chT 22nd"]
[Site "Batumi"]
[Date "2019.10.30"]
[Round "6.3"]
[White "Skoberne, Jure"]
[Black "Melkumyan, Hrant"]
[Result "1/2-1/2"]
[WhiteElo "2567"]
[BlackElo "2650"]
[PlyCount "26"]
[EventDate "2019.10.24"]
[EventType "team-swiss"]
[EventRounds "9"]
[EventCountry "GEO"]
[SourceTitle "CBM 193"]
[Source "ChessBase"]
[SourceDate "2019.12.31"]
[SourceVersion "1"]
[SourceVersionDate "2019.12.31"]
[SourceQuality "1"]
[WhiteTeam "Slovenia"]
[BlackTeam "Armenia"]
[WhiteTeamCountry "SLO"]
[BlackTeamCountry "ARM"]

1. Nf3 d5 2. g3 Bg4 3. Bg2 e6 4. c4 c6 5. cxd5 exd5 6. Qb3 Qb6 7. Qc2 Nf6 8. 0-0 Nbd7 9. d3 Qc5 10. Qb3 Qb6 11. Qc2 Qc5 12. Qb3 Qb6 13. Qc2 Qc5 1/2-1/2